000 00303nam a22001337a 4500
008 180215b xxu||||| |||| 00| 0 eng d
020 _a008093001
041 _aeng
080 _a621
100 _a27
101 _aMEK
245 _aAutomation and Technological Change
_cWriston, H.M
942 _2udc
_cBK
999 _c42642
_d42642